2014ワールドカップ総合順位 - Statistics

General Stats
  • This quiz has been taken 113 times
  • The average score is 25 of 32
Answer Stats
成績 順位 答え % Correct
準優勝 2位 アルゼンチン
100%
優勝 1位 ドイツ
99%
ベスト4 4位 ブラジル
99%
グループステージ敗退 29位 日本
99%
グループステージ敗退 23位 スペイン
97%
ベスト8 7位 フランス
96%
ベスト16 15位 アメリカ
93%
グループステージ敗退 22位 イタリア
93%
グループステージ敗退 27位 韓国
93%
グループステージ敗退 18位 ポルトガル
90%
ベスト8 6位 ベルギー
89%
グループステージ敗退 30位 オーストラリア
89%
ベスト4 3位 オランダ
87%
グループステージ敗退 26位 イングランド
87%
グループステージ敗退 19位 クロアチア
84%
ベスト16 10位 メキシコ
83%
ベスト16 12位 ウルグアイ
83%
ベスト8 5位 コロンビア
80%
グループステージ敗退 28位 イラン
77%
ベスト16 9位 チリ
73%
ベスト16 11位 スイス
73%
グループステージ敗退 24位 ロシア
73%
ベスト16 13位 ギリシャ
68%
ベスト8 8位 コスタリカ
63%
ベスト16 16位 ナイジェリア
63%
グループステージ敗退 21位 コートジボワール
62%
グループステージ敗退 25位 ガーナ
59%
グループステージ敗退 32位 カメルーン
58%
ベスト16 14位 アルジェリア
54%
グループステージ敗退 17位 エクアドル
53%
グループステージ敗退 31位 ホンジュラス
27%
グループステージ敗退 20位 ボスニア・ヘルツェゴビナ
24%
No matching quizzes found
Score Distribution
Percent of People with Each Score
Percentile by Number Answered
Your Score History
You have not taken this quiz